000 00889nam a2200253Ia 4500
003 OSt
005 20220923212451.0
006 a|||||r|||| 00| 0
007 ta
008 220922b |||||||| |||| 00| 0 hin d
024 _a153,278
037 _cTextual
040 _aARTS
_cARTS
_bhin
041 _2hin
_ahin
082 _aO152v, M4
100 _aवार्ष्णेय, लक्ष्मीसागर
_9162523
245 0 _aइतिहास और साहित्योतिहास
246 _aItihās aur sāhityotihāsa
260 _aमेरठ
_b भारतीय साहित्य प्रकाशन
_c1984
300 _a151 पृ.
_ccm.
650 _aहिन्दी साहित्य
_9156264
942 _hO152v, M4
_cTEXL
_2CC
999 _c308925
_d308925